Szczegóły MARC21

Les grands courants de la linguistique moderne /

003 -Nazwa inst., której nr kontr. jest w polu 001 [,]
    • @
    • Nazwa instytucji, której n kontrolny jest w polu 001
    • NUKAT
005 -DATA I CZAS OSTATNIEJ MODYFIKACJI [,]
    • @
    • pole kontrolne
    • 20241231112611.0
020 -Międzynarod. znormalizowany nr książki - ISBN [ , ]
    • a
    • Numer ISBN
    • 2800402563 Find
040 -Instytucja sporządzająca opis [ , ]
    • a
    • Instytucja, która sporządziła opis (NP)
    • KR U/19MAK
    • c
    • Instytucja, która sporządziła rekord (NP)
    • KR U/19MAK
    • d
    • Instytucja, która zmodyfikowała rekord (P)
    • KR U/63BeG
942 -Rodzaj dokumentu [ , ]
    • c
    • Rodzaj dokumentu
    • Książka
100 -Hasło główne - nazwa osobowa [1, ]
    • a
    • Nazwa osobowa (NP)
    • Leroy, Maurice
    • d
    • Daty biograficzne (NP)
    • (1909-1990).
    • 9
    • KHW
    • 647415
240 -Tytuł ujednolicony [1,0]
    • a
    • Tytuł ujednolicony
    • Grands courants de la linguistique moderne
    • l
    • Język tekstu
    • (fr.)
    • 9
    • KHW
    • 647418
245 -Strefa tytułu i oznaczenia odpowiedzialności [1,4]
    • a
    • Tytuł
    • Les grands courants de la linguistique moderne / Find
    • c
    • Pozostałe elementy strefy tytułu i oznaczenia odpowiedzialności (NP)
    • par Maurice Leroy.
250 -Strefa wydania [ , ]
    • a
    • Oznaczenie wydania (NP)
    • 2e éd. rev. et augmentée, 8 tir.
260 -Strefa adresu wydawniczego [ , ]
    • a
    • Miejsce wydania (P)
    • Bruxelles :
    • b
    • Nazwa wydawcy (P)
    • Éditions de l'Université de Bruxelles,
    • c
    • Data wydania (P)
    • 1980.
300 -Strefa opisu fizycznego [ , ]
    • a
    • Określenie formy książki i/lub objętość (NP)
    • XV, [1], 206, [2] s. ;
    • c
    • Format (NP)
    • 24 cm.
336 -Typ zawartości [ , ]
    • a
    • Termin opisujący typ zawartości
    • Tekst
    • b
    • Kod określający zawartość
    • txt
    • 2
    • Źródło (terminu i kodu)
    • rdacontent
337 -Typ mediów [ , ]
    • a
    • Tryb odtwarzania
    • Bez urządzenia pośredniczącego
    • b
    • Kod typu mediów
    • n
    • 2
    • Źródło (terminu i kodu)
    • rdamedia
338 -Typ/rodzaj nośnika [ , ]
    • a
    • Hasło opisujące typ nośnika
    • Wolumin
    • b
    • Kod typu nośnika
    • nc
    • 2
    • Źródło (terminu i kodu)
    • rdacarrier
490 -Strefa serii i książki wielotomowej - forma nie do wyszukiwania [1, ]
    • a
    • Tytuł (P)
    • Université Libre de Bruxelles. Faculté de Philosophie et Lettres ; Find
    • v
    • Numeracja (P)
    • 64
830 -Hasło dodatkowe serii i opisu książki wielotomowej - tytuł ujednolicony/tytuł [ ,0]
    • a
    • Tytuł ujednolicony/tytuł (NP)
    • Université Libre de Bruxelles.
    • p
    • Nazwa części/podserii/sekcji (P)
    • Faculté de Philosophie et Lettres
    • v
    • Oznaczenie tomu (NP)
    • 64
    • 9
    • KHW
    • 647417
504 -Uwaga dot. bibliogr. załącznikowej [ , ]
    • a
    • Uwaga dot. bibliografii załącznikowej
    • Indeksy.
080 -Uniwersalna Klasyfikacja Dziesiętna [ , ]
    • 2
    • Identyfikator wydania tablic
    • UDC-P058
    • 9
    • UKD
    • 6386
    • a
    • Symbol klasyfikacji
    • 81'1
    • b
    • Dopowiedzenie
    • Językoznawstwo ogólne.
    • 4
    • UKD2
    • 7653
    • x
    • Poddział wspólny
    • =133.1
    • c
    • Dopowiedzenie poddz. wspólnego
    • =Język francuski.
    • 4
    • UKD2
    • 8230
    • x
    • Poddział wspólny
    • "19"
    • c
    • Dopowiedzenie poddz. wspólnego
    • Wiek XX.
980 -Symbol UKD [ , ]
    • a
    • UKD
    • 81'1"19"=133.1
920 -ISBN [ , ]
    • a
    • ISBN
    • 2-8004-0256-3 Find
Lokalizacja Status udost. Sygnatura Data inwentaryzacji Numer inwentarzowy
BM1FR. Językoznawstwo 162010-05-05A.8647